UBT Library

PHYSICAL SCIENCES CAREER DIRECTORY (Record no. 39214)

000 -LEADER
fixed length control field 00303nam a22001337a 4500
008 - FIXED-LENGTH DATA ELEMENTS--GENERAL INFORMATION
fixed length control field 171220b xxu||||| |||| 00| 0 eng d
020 ## - INTERNATIONAL STANDARD BOOK NUMBER
International Standard Book Number 9780810391574
041 ## - LANGUAGE CODE
Language code of text/sound track or separate title eng
080 ## - UNIVERSAL DECIMAL CLASSIFICATION NUMBER
Universal Decimal Classification number 53
100 ## - Rafti
Rafti 43
101 ## - Shkurtesa
Shkurtesa FIZ
245 ## - TITLE STATEMENT
Title PHYSICAL SCIENCES CAREER DIRECTORY
Statement of responsibility, etc MORGAN,B.J
942 ## - ADDED ENTRY ELEMENTS (KOHA)
Source of classification or shelving scheme
Item type Books
Holdings
Withdrawn status Lost status Source of classification or shelving scheme Damaged status Not for loan Collection code Permanent location Current location Shelving location Date acquired Total Checkouts Full call number Barcode Date last seen Price effective from Koha item type
          Koleksioni i përgjithshem UBT - Lipjan UBT - Lipjan Koleksioni i përgjithshem 12/20/2017   53 MOR 002-2938934 12/20/2017 12/20/2017 Books
UBT Library © 2015-2024. All rights reserved University Education for Business and Technology